000 01020nam2a22002291 4500
001 rc\10838
005 20250620113505.0
035 _a(NLR Aleph) 005299845
090 _a6277710
_c6277710
100 _a20021204d1995 |||y0rusy50 ca
101 0 _arus
102 _aRU
105 _aa |||||||||
200 1 _aЭлектромагнитные явления
_eДля бакалавров техн. наук
210 _d1995
_aБ. м.
215 _a118 с.
_cил.
461 0 _1001rc\10837
_12001#$aЛекции по физике$fЮ.Б. Войтковский, В.С. Пигулевский, Ю.В. Харин$gМоск. гос. горный ун-т$vЧ. 2
_1700#1$aВойтковский$bЮ.Б.$gЮрий Борисович
_96277704
_aВойтковский, Ю.Б.
_cМ.
_fЮ.Б. Войтковский, В.С. Пигулевский, Ю.В. Харин
_nМГГУ
_tЛекции по физике
_vЧ. 2
801 0 _aRU
_bNLR
_gpsbo
801 1 _aRU
_bELAR
_2rusmarc
852 _aNLR
_j96-3/11986
942 _cBOOK
980 _aNB